Lakepark Residence @ KL North

Bibliographic Details
Main Authors: Ahmad Iqbal Zhorif Zainuddin (Author), Chew Hiu Mun (Author), Hairul Nizam Samsu Bahrin (Author), Loo Soon Yen (Author), Muhammad Sharulnizam Shaharuddin (Author), Ng Fook Yow (Author), Ng Si Liang (Author), Wan Zulkiflee Wan Adenan (Author)
Format: Book
Language:English
Subjects:

MARC

LEADER 00000cam a2200000 7i4500
001 0000028263
005 20251127.0
008 190117 my a eng
040 |a INS   |b eng   |c INS   |e rda 
090 0 0 |a IP35 
100 1 |a Ahmad Iqbal Zhorif Zainuddin, ,   |e author. 
245 1 0 |a Lakepark Residence @ KL North   |c Ahmad Iqbal Zhorif Zainuddin, Muhammad Sharulnizam Shaharuddin, Wan Zulkiflee Wan Adenan, Hairul Nizam Samsu Bahrin [and four others] 
264 0 |c 2018 
300 |a 1 volume ( various pagings ) :   |b illustration,picture, colour ;   |c 30 cm. 
336 |a text  |2 rdacontent 
337 |a unmediated  |2 rdamedia 
338 |a volume  |2 rdacarrier 
500 |a Integrated Project 
500 |a Laporan disediakan bagi memenuhi keperluan untuk dianugerahkan Sijil Agensi Harta Tanah dari Institut Penilaian Negara 
650 0 |a Housing   |x Marketing 
650 0 |a Real estate agents 
700 1 |a Chew Hiu Mun, ,   |e author. 
700 1 |a Hairul Nizam Samsu Bahrin, ,   |e author. 
700 1 |a Loo Soon Yen, ,   |e author. 
700 1 |a Muhammad Sharulnizam Shaharuddin, ,   |e author. 
700 1 |a Ng Fook Yow, ,   |e author. 
700 1 |a Ng Si Liang, ,   |e author. 
700 1 |a Wan Zulkiflee Wan Adenan, ,   |e author. 
999 |a IP00000041   |b BOOK   |c Course Notes   |e Default branch